000 00482nam a2200181Ia 4500
008 240925s9999 xx 000 0 und d
020 _a9780070593749
082 _a004 NOR
100 _aNorton,, Peter
245 0 _aIntroduction To Computers
250 _a6th
260 _aNew York:
_bMcGraw-Hill
_cNA
300 _axix,536p.
_bNA
_fPhotocopy
500 _aIncludes Index
600 _aComputer Science
650 _aComputer science, information & general works
942 _cBK
999 _c8960
_d8960